| 000 | 00394nam a22001697a 4500 | ||
|---|---|---|---|
| 005 | 20160701105542.0 | ||
| 008 | 160701b xxu||||| |||| 00| 0 eng d | ||
| 020 | _a0-07-116365-4 | ||
| 041 | _aeng | ||
| 082 | _b20229 | ||
| 100 |
_aHubbard John R _93357 |
||
| 245 | _aProgramming with Java | ||
| 260 | _bMc graw Hill | ||
| 300 | _a243 | ||
| 650 |
_aInformation Technology _9137 |
||
| 942 | _cBK | ||
| 999 |
_c5019 _d5017 |
||